00731aab a2200169 4500001001000000003001000010005001700020008004100037040003000078041000800108100002700116245006500143300006700208520018000275650001800455773008800473768714001CO-MdFUSB20230111173617.0220914s1989 gt ||||| |||| 00| 0 spa d bspacCO-MdFUSBdCO-MdFUSB aspa1 aSuazo Jr, Davideautor10aFilosofía de la predicación expositivac/ David Suazo J. aNúmero 5 (Julio - Diciembre, 1989), páginas 55-73c; 22 cm aEn este articulo se presentaran las características distintivas de la predicación expositiva en un intento de formular una filosofía bíblica y contextual de la misma.  0aPredicación0 tKairós049489gNúmero 5 (Julio - Diciembre, 1989), páginas 55-73qpágina 55